|
000
|
00787oam2 2200277 450
|
|
001
|
138
|
|
005
|
20050829141030.0
|
|
010
|
|
@a7-5019-5019-9@dCNY28.00
|
|
100
|
|
@a20050825d2005 em y0chiy0110 ea
|
|
101
|
0
|
@achi
|
|
102
|
|
@aCN@b110000
|
|
105
|
|
@aa z 000yy
|
|
106
|
|
@ar
|
|
200
|
1
|
@a龙井茶@Along jing cha@f姚国坤著
|
|
210
|
|
@a北京@c中国轻工业出版社@d2005
|
|
215
|
|
@a133页@c图@d21cm
|
|
225
|
2
|
@a品茶馆
|
|
300
|
|
@a读图时代
|
|
330
|
|
@a本书介绍了龙井茶的品质、形态、历史。内容包括追根溯源龙井茶、名人雅士与龙井茶、龙井茶雅韵、龙井生产及细品龙井茶等内容。
|
|
461
|
0
|
@12001 @a品茶馆
|
|
606
|
0
|
@a茶叶@x简介@y杭州市
|
|
606
|
0
|
@a茶@x文化@y杭州市
|
|
690
|
|
@aS571@v4
|
|
701
|
0
|
@a姚国坤@Ayao guo kun@4著
|
|
801
|
0
|
@aCN@bZL@c20050825
|
|
905
|
|
@dS571@e28
|
|
|
|
|
| |
| 龙井茶/姚国坤著.-北京:中国轻工业出版社,2005 |
| 133页:图;21cm.-(品茶馆) |
| 读图时代 |
| |
| ISBN 7-5019-5019-9:CNY28.00 |
| 本书介绍了龙井茶的品质、形态、历史。内容包括追根溯源龙井茶、名人雅士与龙井茶、龙井茶雅韵、龙井生产及细品龙井茶等内容。 |
| ● |
正题名:龙井茶
索取号:S571/28
 
预约/预借
| 序号
|
登录号
|
条形码
|
馆藏地/架位号
|
状态
|
备注
|
|
1
|
319723
|
300319723
|
柳城-4楼/16架6列1层/
[索取号:S571/28]
|
在馆
|
|
|
2
|
319724
|
300319724
|
柳城-4楼/16架6列1层/
[索取号:S571/28]
|
在馆
|
|
|
3
|
319725
|
300319725
|
海科密-1楼/57架9列3层/
[索取号:S571/28]
|
在馆
|
|
|
4
|
319726
|
300319726
|
海科密-1楼/57架9列3层/
[索取号:S571/28]
|
在馆
|
|
|
5
|
319727
|
300319727
|
柳城-4楼/16架6列1层/
[索取号:S571/28]
|
在馆
|
|